000 00503nam a2200181Ia 4500
008 090123s9999 xx 000 0 und d
082 _b23402
100 _aशिरोडकर दासू
245 _aपंचरंग
250 _a1
260 _bगोमंतक मराठी
_c1994
300 _a78
600 _aशिरोडकर दासू
630 _aपंचरंग
700 _aशिरोडकर दासू
730 _aपंचरंग
942 _cBOOK
999 _c61473
_d61473